| 000 | 00744nam a22002537a 4500 | ||
|---|---|---|---|
| 001 | 0011935 | ||
| 003 | DO-SdBNP | ||
| 005 | 20180219124000.0 | ||
| 007 | 0011935 | ||
| 008 | 161207b 1988 ve|||| |||| 00| 0 spa d | ||
| 020 | _a9802570060 | ||
| 040 |
_aBPMSU _bspa _cBPMSU |
||
| 100 | 1 | _aUribe, Verónica | |
| 245 | 0 | 3 |
_aEl conejo y el mapurite : _bcuento guajiro / _cVerónica Uribe ; ilustración Vicky Sempere |
| 250 | _a4a ed. | ||
| 260 |
_aCaracas, Venezuela : _bEdiciones Ekaré, _c1988. |
||
| 300 |
_a36 p. : _bil., _c21 cm. |
||
| 490 | 1 | _aNarraciones indigenas | |
| 700 | 1 |
_aSempere, Vicky, _eil. |
|
| 830 | 0 | _aNarraciones indigenas | |
| 942 |
_2ddc _cBK |
||
| 945 | _aInventariado, 2018/MFF | ||
| 956 |
_aBTAVÁREZ _b10 _c20161207 _d0011935 |
||
| 999 |
_c12358 _d12358 |
||